00419nam a2200157Ia 4500008004100000020001800041082001600059100002100075245003000096250000800126260004000134300002300174500001900197600003300216650001200249240925s9999 xx 000 0 und d a9781138035263 a570.285 BAS aBassi, Sebastian 0aPython for Bioinformatics a2nd aLondon:bTaylor and Francisc,2018. a837p.b0fOriginal aIncludes Index aHumanities & Natural Science aBiology